Movies by Image #16 - Statistics

General Stats
  • This quiz has been taken 87 times
  • The average score is 5 of 16
Answer Stats
Picture Answer % Correct
Paul Blart: Mall Cop
76%
Field of Dreams
61%
Anyone But You
53%
The Nutty Professor
42%
Sixteen Candles
40%
Daddy's Home
36%
Journey to the Center of the Earth
35%
The Bounty Hunter
29%
Trap
28%
Instant Family
21%
The Watch
18%
Crimson Tide
17%
Homefront
10%
We Were Soldiers
10%
Tears of the Sun
7%
The Sum of All Fears
6%
No matching quizzes found
Score Distribution
Percent of People with Each Score
Percentile by Number Answered
Your Score History
You have not taken this quiz